Varnasrama manifesto for social sanity /
保存先:
| 第一著者: | |
|---|---|
| フォーマット: | 不明 |
| 言語: | English |
| 出版事項: |
New York :
Bhaktivedanta Book Trust ,
1981
|
| 版: | 1. edición |
| 主題: | |
| タグ: |
タグ追加
タグなし, このレコードへの初めてのタグを付けませんか!
|
MARC
| LEADER | 000000000a22000000004500 | ||
|---|---|---|---|
| 001 | 003441 | ||
| 020 | |a 9185580120 | ||
| 041 | 0 | |a eng | |
| 082 | 0 | 4 | |a 305.5 |b H281v |
| 100 | 1 | |a Swami Visnupada, Harikesa | |
| 245 | 1 | 0 | |a Varnasrama manifesto for social sanity / |c Harikesa Swami Visnupada. |
| 250 | |a 1. edición | ||
| 260 | 1 | |a New York : |b Bhaktivedanta Book Trust , |c 1981 | |
| 300 | |a vii, 215 páginas | ||
| 500 | |a Colección George Yudice | ||
| 650 | 4 | |a CLASES SOCIALES | |
| 650 | 4 | |a ESTRUCTURA SOCIAL | |
| 650 | 4 | |a INDIA | |
| 999 | |c 9665 |d 9665 | ||
| 942 | |c BK |h 305.5 H281v |2 z | ||



